00650nam a2200217Ia 4500001001000000008004100010010001100051082001900062100002500081245007900106260003100185300001100216650003500227700004200262901001900304902000600323905006300329910000900392942001200401999001900413Para_9631220125s2005 xx 000 0 und d a208305 aPA635.642 .B5y aBlancard, D.9165706 aEnfermedades del tomate :b observar, identificar, luchar /c D. Blancard aEspaña :b Mundi prensa a212 p. aTomate x enfermedades9113711 aPeña Iglesias, Antonio, tr.9174628 aPA635.642 .B5Y aM a5232272005 sp D 8022223021spa20 a2005 cPARAd1 c208305d208305